000 00448nam a2200181Ia 4500
001 20897
005 20260306172839.0
008 260306t2015||||xx |||||||||||||| ||spa||
041 _aESP
082 _a343.8
_bO97
100 _aOyola Lázaro, Cynthia
_eAUT
245 0 _aObligaciones de declarar precios de transferencia
260 _c2015
300 _a47 páginas :
_c24 cm.
650 _aGEN
654 _aCCO
942 _cLIB
_dJUS
_fJUS
_2ddc
_n
999 _c20897
_d20897